Top 25 Players - 2026 World Cup - Statistics

General Stats
  • This quiz has been taken 10 times
  • The average score is 19 of 25
Answer Stats
Player Country % Correct
Cristiano Ronaldo Portugal
100%
Harry Kane England
100%
Kevin de Bruyne Belgium
100%
Kylian Mbappe France
100%
Lionel Messi Argentina
100%
Bruno Fernandes Portugal
88%
Erling Haaland Norway
88%
Julian Alvarez Argentina
88%
Lamine Yamal Spain
88%
Pedri Spain
88%
Vinicius Brazil
88%
Vitinha Portugal
88%
Achraf Hakimi Morocco
75%
Federico Valverde Uruguay
75%
Jamal Musiala Germany
75%
Declan Rice England
63%
Desire Doue France
63%
Michael Olise France
63%
Ousmane Dembele France
63%
Raphinha Brazil
63%
Lautaro Martinez Argentina
50%
Rodri Spain
50%
Thibaut Courtois Belgium
50%
Joao Neves Portugal
38%
William Saliba France
38%
No matching quizzes found
Score Distribution
Percent of People with Each Score
Percentile by Number Answered
Your Score History
You have not taken this quiz